000 00293nam a22001337a 4500
008 190129b xxu||||| |||| 00| 0 eng d
020 _a9780072830705
041 _aeng
080 _a371
100 _a25
101 _aEDU
245 _aImproving Reading Skills
_cSpears, D
942 _2udc
_cBK
999 _c53898
_d53898